Rozvoj teórie finančného manažmentu podniku v podmienkach globálnej ekonomiky zborník vedeckých prác

Salvato in:
Dettagli Bibliografici
Ente Autore: Ekonomická univerzita v Bratislave. Fakulta podnikového manažmentu
Natura: Libro
Lingua:slovacco
Pubblicazione: Bratislava Vydavateľstvo EKONÓM 2001
Soggetti:
Tags: Aggiungi Tag
Nessun Tag, puoi essere il primo ad aggiungerne!!

MARC

LEADER 00000nam$a2200000$$$4500
001 0069139
005 20240104092524.5
020 |a 80-225-1489-6 
041 0 |a slo 
044 |a SK 
245 1 0 |a Rozvoj teórie finančného manažmentu podniku v podmienkach globálnej ekonomiky  |b zborník vedeckých prác 
264 1 |a Bratislava  |b Vydavateľstvo EKONÓM  |c 2001 
300 |a 136 s. 
610 2 0 |a manažment finančný 
610 2 0 |a globalizácia hospodárstva 
710 2 |a Ekonomická univerzita v Bratislave. Fakulta podnikového manažmentu